000 01106 a2200193 4500
020 _a0195793056
020 _a9780195793055
082 0 4 _a338
090 _c1155
_d1155
100 1 _aHaq, Mahbub ul.
245 1 0 _aHuman development in south asia 1999 :
_bthe crisis of governance /
_cMahbub ul Haq.
260 _a[S.l.] :
_bOxford University Press, USA,
_c2000.
300 _a224 p. ;
_c29 cm.
500 _aHardcover.
520 _aThis volume analyzes governance issues from the perspective of political, economic, social and civic dimensions, provides an in-depth analysis of the phenomenon of corruption, and advocates a concrete and realistic reform agenda necessary for promoting "human governance" in the region. In this regard, the report introduces a new index that ranks countries based on their performance in the spheres of economic, political and civic governance.
856 4 0 _3Amazon.com
_uhttp://www.amazon.com/exec/obidos/ASIN/0195793056/chopaconline-20
856 4 0 _3Amazon customer reviews
_uhttp://www.chopac.org/cgi-bin/tools/azrev.pl?q=0195793056
942 _aNBS
_cBK
_k354.052 HUM
999 _c343685
_d343685